Lectures on diet and regimen : being a systematic inquiry into the most rational means of preserving health and prolonging life: together with physiological and chemical explanations, calculated chiefly for the use of families, in order to banish the prevailing abuses and prejudices in medicine. By A.F.M. Willich, M.D. [Four lines in Latin from Serenus Sammonicus] Two volumes abridged in one.

Bibliographic Details
Main Author: Willich, A. F. M. (Anthony Florian Madinger)
Corporate Author: Gale (Firm)
Other Authors: Manning, William, 1767-1849 (Printer), Loring, James, 1770-1850 (Printer)
Format: eBook
Language:English
Edition:The first Boston, from the second London, edition. Corrected and improved.
Subjects:
Online Access:Connect to the full text of this electronic book

MARC

Tag First Indicator Second Indicator Subfields
LEADER 00000cam a2200000 4500
001 in00003875021
005 20190415192424.0
006 m o d
007 cr |n||||||||n
008 830922s1800 xxu|||| o 00| | eng c
035 |a (CU-RivES)W13291 
035 |a (Uk-ES)006430828 
035 |a (OCoLC)510994515 
040 |a MWA  |c MWA  |d CU-RivES  |d CStRLIN  |d Cengage Gale  |d UtOrBLW 
050 4 |a Z1215  |b .W555 1800 
100 1 |a Willich, A. F. M.  |q (Anthony Florian Madinger)  |0 http://id.loc.gov/authorities/names/n86143901 
245 1 0 |a Lectures on diet and regimen :  |b being a systematic inquiry into the most rational means of preserving health and prolonging life: together with physiological and chemical explanations, calculated chiefly for the use of families, in order to banish the prevailing abuses and prejudices in medicine. By A.F.M. Willich, M.D. [Four lines in Latin from Serenus Sammonicus] Two volumes abridged in one. 
250 |a The first Boston, from the second London, edition. Corrected and improved. 
264 3 |a Boston :  |b Printed by Manning and Loring, for Joseph Nancrede, numbers 49, Marlbro'-Street,  |c 1800. 
300 |a 1 online resource (xxiv, 381, 3 unnumbered pages)  
336 |a text  |b txt  |2 rdacontent 
337 |a computer  |b c  |2 rdamedia 
338 |a online resource  |b cr  |2 rdacarrier 
500 |a "Books lately published by Joseph Nancrede"--pages [382-384]. 
509 |a Signatures: A-B⁶ ²B⁶ C-U⁶ W⁶ X-2I⁶ 
510 4 |a Evans,  |c 39112 
510 4 |a Austin, R.B. Early Amer. medical imprints,  |c 2067 
510 4 |a English Short Title Catalog,  |c W13291. 
500 |a Reproduction of original from Boston Public Library. 
500 |a Electronic resource. 
650 0 |a Diet.  |0 http://id.loc.gov/authorities/names/n90656536 
650 0 |a Health.  |0 http://id.loc.gov/authorities/subjects/sh85059518 
650 0 |a Hygiene.  |0 http://id.loc.gov/authorities/subjects/sh85063519 
655 7 |a Electronic books.  |2 local 
655 7 |a Booksellers' advertisements  |z Massachusetts  |z Boston.  |2 rbgenr 
700 1 |a Manning, William,  |d 1767-1849,  |e printer.  |0 http://id.loc.gov/authorities/names/n87837912 
700 1 |a Loring, James,  |d 1770-1850,  |e printer.  |0 http://id.loc.gov/authorities/names/n85024126 
700 1 |a Nancrede, Joseph,  |d 1761-1841,  |e bookseller.  |0 http://id.loc.gov/authorities/names/n85305837 
710 2 |a Gale (Firm)  |0 http://id.loc.gov/authorities/names/no2008071348 
752 |a United States  |b Massachusetts  |d Boston. 
856 4 0 |u http://proxy.library.tamu.edu/login?url=http://find.galegroup.com/ecco/infomark.do?contentSet=ECCOArticles&docType=ECCOArticles&bookId=1560900101&type=getFullCitation&tabID=T001&prodId=ECCO&docLevel=TEXT_GRAPHICS&version=1.0&source=library&userGroupName=txshracd2898  |z Connect to the full text of this electronic book  |t 0 
999 f f |s 00f64795-bfe7-34d8-aaa2-94c6ae814cf6  |i ec88fe43-2ebe-3b48-85d5-39c405a9c34f  |t 0 
952 f f |a Texas A&M University  |b College Station  |c Electronic Resources  |d Available Online  |t 0  |e Z1215 .W555 1800  |h Library of Congress classification 
998 f f |a Z1215 .W555 1800  |t 0  |l Available Online